01071nab a22002057a 4500003000400000005001700004008004100021040000700062100002300069245008200092260007200174300001300246500003400259505025300293505006600546505008900612650001800701650002700719773011900746OSt20251205121412.0190502c xxu||||| |||| 00| 0 spa d cPJ aSandhagen, Alberto13aLa notificación personal de la sentencia condenatoria /cAlberto Sandhagen. aCiudad Autónoma de Buenos Aires :bThomson Reuters La Ley,c2025. ap. 35-48 aCita Online: AR/DOC/204/2025. aSumario: I. Objeto del trabajo.— II. Antecedentes en las instancias ordinarias.— III. Antecedentes en la instancia extraordinaria.— IV. Reflexiones sobre la notificación personal a la persona sometida a proceso.— V. Reflexiones finales.  tFallo comentado: CS ~ 08/10/2024 ~ V., C. A. y otro s/ robo. t¿Te interesa el texto completo? Solicitalo al correo: koha@justierradelfuego.gov.ar 0aDERECHO PENAL 0aSENTENCIA CONDENATORIA0 02729dBuenos Aires : LexisNexis, 2006-tRevista de derecho penal y procesal penal. Nº 4 - Abril 2025z9875920622